=LDR 00000nam 2200000 4500 =001 000161 =020 $9786239020101 =082 $307.199 =100 $Ira Puspito Rini =245 $Peran aktif ibuibu dalam UKM desa =250 $Cetakan I =264 $Temanggung: Desa Pustaka Indonesia 2019 =300 $120 halaman; 20 cm. =650 $Komunitas =905 $307.2 IRA p =336 $$a =337 $$a =338 $$a =005 20260702151432.0 =008 260702s2026\\\\\\\\\\\\\\\\\\\\\\\\\\\\\\\\\\\\\\\\\